000 00347nam a2200133Ia 4500
008 240624s9999 xx 000 0 und d
041 _aeng
082 _a658.1 RED
100 _aREDDY SUMATI
245 _aMERGERS AND ACQUISITIONS THE STRATEGIC R
260 _c2006
_aHyderabad
_bICFAI press
300 _ax, : 210 : p. : cm. ; 23
365 _cRS
_b50
999 _c6625
_d6625